[Event "Tradewise Gibraltar AmatWk2"]
[Site "Gibraltar"]
[Date "2017.01.31"]
[Round "4.8"]
[White "Winter, Kevin"]
[Black "Kuenitz, Klaus"]
[Result "0-1"]
[WhiteElo "1818"]
[BlackElo "1690"]
[PlyCount "70"]
[EventDate "2017.01.28"]
[EventType "swiss"]
[EventRounds "5"]
[EventCountry "GGB"]
[SourceTitle "BritBase"]
[Source "www.saund.co.uk"]
[SourceDate "2018.02.10"]
[SourceVersion "1"]
[SourceVersionDate "2018.02.10"]
[SourceQuality "1"]

1. d4 f5 2. c4 g6 3. Nc3 Nf6 4. h4 d6 5. e3 Be6 6. Nf3 h6 7. Qb3 Qc8 8. Bd3 Bf7
9. Bd2 Nbd7 10. Qc2 Bg7 11. b3 O-O 12. O-O-O e5 13. dxe5 dxe5 14. e4 f4 15. Nd5
Re8 16. Nxf6+ Nxf6 17. Bc3 Ng4 18. Nh2 a5 19. a4 c6 20. Nxg4 Qxg4 21. g3 fxg3
22. fxg3 Qxg3 23. Rdg1 Qe3+ 24. Bd2 Qc5 25. h5 g5 26. Bxg5 hxg5 27. h6 Qe3+ 28.
Qd2 Qxd2+ 29. Kxd2 Bf6 30. Rf1 Re6 31. c5 Rd8 32. Kc3 Bh8 33. Rf5 Rg6 34. Be2
Be6 35. Rff1 g4 0-1

[Event "Tradewise Gibraltar AmatWk2"]
[Site "Gibraltar"]
[Date "2017.01.31"]
[Round "4.9"]
[White "Kearsley, Raymond J"]
[Black "Sevillano Garcia, Joaquin"]
[Result "0-1"]
[WhiteElo "1687"]
[BlackElo "1816"]
[PlyCount "80"]
[EventDate "2017.01.28"]
[EventType "swiss"]
[EventRounds "5"]
[EventCountry "GGB"]
[SourceTitle "BritBase"]
[Source "www.saund.co.uk"]
[SourceDate "2018.02.10"]
[SourceVersion "1"]
[SourceVersionDate "2018.02.10"]
[SourceQuality "1"]

1. e4 c5 2. Nf3 a6 3. c3 d6 4. d4 cxd4 5. cxd4 e6 6. Nc3 b5 7. a3 Bb7 8. Bd3
Nd7 9. O-O Ngf6 10. Re1 e5 11. d5 Be7 12. h3 O-O 13. Be3 Rc8 14. Rc1 Nb6 15.
Qe2 Nc4 16. Bxc4 Rxc4 17. Nd2 Rc8 18. Rc2 Qd7 19. Rec1 h6 20. f4 exf4 21. Bxf4
Nh7 22. Nf3 Ng5 23. Qe3 Nxf3+ 24. Qxf3 f5 25. e5 dxe5 26. Bxe5 Bd6 27. Qf4 Rc4
28. Bxd6 Rxf4 29. Bxf4 g5 30. Be3 f4 31. Bd4 Re8 32. Bb6 f3 33. gxf3 Qxh3 34.
Bf2 Qxf3 35. Rd2 a5 36. Rcd1 b4 37. axb4 axb4 38. Nb5 Re4 39. Nd4 Rg4+ 40. Kh2
Qg2# 0-1

[Event "Tradewise Gibraltar AmatWk2"]
[Site "Gibraltar"]
[Date "2017.01.31"]
[Round "4.10"]
[White "Densing, Gerd"]
[Black "Diaz Mino, Daniel"]
[Result "0-1"]
[WhiteElo "1807"]
[BlackElo "1658"]
[PlyCount "70"]
[EventDate "2017.01.28"]
[EventType "swiss"]
[EventRounds "5"]
[EventCountry "GGB"]
[SourceTitle "BritBase"]
[Source "www.saund.co.uk"]
[SourceDate "2018.02.10"]
[SourceVersion "1"]
[SourceVersionDate "2018.02.10"]
[SourceQuality "1"]

1. d4 d5 2. Nf3 e6 3. e3 c5 4. b3 Nc6 5. Bb2 f6 6. Bd3 a6 7. O-O Bd6 8. Nh4 g6
9. f4 cxd4 10. exd4 f5 11. g3 Nf6 12. Nd2 Ng4 13. Re1 Bxf4 14. Nxf5 gxf5 15.
Bxf5 Qg5 16. Bxg4 Bxd2 17. Bh5+ Kd8 18. Rf1 Qe3+ 19. Kg2 Bd7 20. Qg4 Qg5 21.
Qe2 Bb4 22. Rf2 Kc7 23. Raf1 Raf8 24. Bf3 h5 25. c3 Bd6 26. Bc1 Qg6 27. b4 h4
28. g4 b5 29. h3 Bg3 30. a4 Ne7 31. axb5 Bxb5 32. Qa2 Nc6 33. Re2 Bc4 34. Qd2
Qd3 35. Qxd3 Bxd3 0-1

[Event "Tradewise Gibraltar AmatWk2"]
[Site "Gibraltar"]
[Date "2017.01.31"]
[Round "4.11"]
[White "Lopez Valcarcel, Juan"]
[Black "Riedel, Michael"]
[Result "1-0"]
[WhiteElo "1785"]
[BlackElo "1590"]
[PlyCount "53"]
[EventDate "2017.01.28"]
[EventType "swiss"]
[EventRounds "5"]
[EventCountry "GGB"]
[SourceTitle "BritBase"]
[Source "www.saund.co.uk"]
[SourceDate "2018.02.10"]
[SourceVersion "1"]
[SourceVersionDate "2018.02.10"]
[SourceQuality "1"]

1. e4 e6 2. d4 d5 3. Bd3 dxe4 4. Bxe4 Nf6 5. Bf3 Bd6 6. Ne2 c6 7. Bg5 Nbd7 8.
Nd2 h6 9. Bf4 Qc7 10. Bg3 b6 11. c3 Bb7 12. O-O g5 13. Nc4 Bxg3 14. Nxg3 O-O-O
15. a4 a6 16. Ne4 Nxe4 17. Bxe4 f5 18. Bd3 h5 19. Re1 Rde8 20. Qe2 Nf6 21. Ne5
a5 22. b4 Nd5 23. bxa5 bxa5 24. Ba6 Rh7 25. Qc4 Nb6 26. Bxb7+ Kxb7 27. Rab1 1-0

[Event "Tradewise Gibraltar AmatWk2"]
[Site "Gibraltar"]
[Date "2017.01.31"]
[Round "4.12"]
[White "Ford, Clifton P"]
[Black "Haddock, Paul"]
[Result "0-1"]
[WhiteElo "1781"]
[BlackElo "1570"]
[PlyCount "68"]
[EventDate "2017.01.28"]
[EventType "swiss"]
[EventRounds "5"]
[EventCountry "GGB"]
[SourceTitle "BritBase"]
[Source "www.saund.co.uk"]
[SourceDate "2018.02.10"]
[SourceVersion "1"]
[SourceVersionDate "2018.02.10"]
[SourceQuality "1"]

1. d4 Nf6 2. c4 g6 3. Nc3 Bg7 4. e4 d6 5. f4 O-O 6. Nf3 c5 7. d5 e6 8. Be2 exd5
9. cxd5 Re8 10. Nd2 Qe7 11. O-O a6 12. a4 b6 13. Ra3 Nbd7 14. Nc4 Nxe4 15. Bf3
Bd4+ 16. Be3 Nxc3 17. Rxc3 Bxc3 18. bxc3 b5 19. axb5 axb5 20. Ne5 dxe5 21. d6
Qe6 22. Bxa8 Qc4 23. Bd2 Qd3 24. Rf3 Qxd6 25. fxe5 Rxe5 26. Qc1 Re2 27. Bf4 Qe6
28. Kf1 Nb6 29. Bc6 b4 30. cxb4 cxb4 31. Bb5 Ra2 32. Bc7 Ba6 33. Bxa6 Rxa6 34.
Bxb6 Rxb6 0-1

[Event "Tradewise Gibraltar AmatWk2"]
[Site "Gibraltar"]
[Date "2017.01.31"]
[Round "4.13"]
[White "Bauer, Dieter"]
[Black "Shehzad, Alisha"]
[Result "1-0"]
[WhiteElo "1772"]
[BlackElo "1556"]
[PlyCount "139"]
[EventDate "2017.01.28"]
[EventType "swiss"]
[EventRounds "5"]
[EventCountry "GGB"]
[SourceTitle "BritBase"]
[Source "www.saund.co.uk"]
[SourceDate "2018.02.10"]
[SourceVersion "1"]
[SourceVersionDate "2018.02.10"]
[SourceQuality "1"]

1. d4 d5 2. Nf3 Nf6 3. e3 Bg4 4. c4 c6 5. Qb3 Qc7 6. Ne5 Be6 7. Nc3 Nbd7 8.
Nxd7 Qxd7 9. cxd5 Nxd5 10. Qd1 g6 11. Be2 Bg7 12. O-O O-O 13. e4 Nb6 14. Be3
Rfd8 15. e5 Rac8 16. Ne4 Qc7 17. Qc1 Nd5 18. Nc5 Bf5 19. Rd1 f6 20. g4 Bd7 21.
Nxd7 Qxd7 22. exf6 exf6 23. Qd2 f5 24. gxf5 Qxf5 25. b4 Re8 26. Qd3 Qxd3 27.
Rxd3 Nxe3 28. fxe3 Rxe3 29. Rxe3 Bxd4 30. Bc4+ Kg7 31. Rae1 Re8 32. Kf2 Kf6 33.
Kf3 Rxe3+ 34. Rxe3 Bxe3 35. Kxe3 Ke5 36. a3 g5 37. Be2 Kd5 38. Kd3 b6 39. Bf3+
Kd6 40. Ke4 Ke6 41. Bg4+ Kf6 42. Kd4 Ke7 43. Ke5 h6 44. Bf3 a5 45. bxa5 bxa5
46. Bxc6 Kf7 47. Kf5 Kg7 48. Bf3 Kf7 49. Bh5+ Kg7 50. Ke6 Kf8 51. Kf6 Kg8 52.
Kg6 Kf8 53. Kxh6 Ke7 54. Kxg5 Kd6 55. Kf6 Kc5 56. a4 Kd4 57. h4 Ke4 58. Be8 Kf4
59. h5 Ke4 60. h6 Kd4 61. h7 Kc4 62. h8=Q Kb4 63. Qh5 Kc4 64. Ke5 Kb4 65. Kd4
Kb3 66. Qb5+ Kc2 67. Bg6+ Kd2 68. Qb2+ Ke1 69. Ke3 Kf1 70. Qf2# 1-0

[Event "Tradewise Gibraltar AmatWk2"]
[Site "Gibraltar"]
[Date "2017.01.31"]
[Round "4.14"]
[White "Walker, Gordon J"]
[Black "Ocana, Jeremy"]
[Result "0-1"]
[WhiteElo "1547"]
[BlackElo "1733"]
[PlyCount "78"]
[EventDate "2017.01.28"]
[EventType "swiss"]
[EventRounds "5"]
[EventCountry "GGB"]
[SourceTitle "BritBase"]
[Source "www.saund.co.uk"]
[SourceDate "2018.02.10"]
[SourceVersion "1"]
[SourceVersionDate "2018.02.10"]
[SourceQuality "1"]

1. d4 d6 2. d5 e5 3. e4 f5 4. Nc3 Nf6 5. Bg5 Be7 6. exf5 Bxf5 7. Bd3 Bxd3 8.
Qxd3 O-O 9. Bxf6 Bxf6 10. O-O-O Bg5+ 11. Kb1 Rxf2 12. Qg3 Rf7 13. Nh3 Bf4 14.
Qg4 Qd7 15. Qh4 Qe7 16. Qg4 Nd7 17. Qe6 Nc5 18. Qxe7 Rxe7 19. b4 Nd7 20. Ne4 a5
21. b5 a4 22. Rd3 Ra5 23. c4 Nb6 24. g3 Bh6 25. Rc3 Nxd5 26. cxd5 Rxb5+ 27. Kc2
Rxd5 28. Rf1 Rd4 29. Nhg5 d5 30. Rcf3 g6 31. Nf6+ Kh8 32. Nfxh7 Rc4+ 33. Kb2 e4
34. Rf7 Rxf7 35. Rxf7 Bxg5 36. Nxg5 e3 37. Re7 d4 38. Nf7+ Kg7 39. Ne5+ Kf6 0-1

[Event "Tradewise Gibraltar AmatWk2"]
[Site "Gibraltar"]
[Date "2017.01.31"]
[Round "4.15"]
[White "Lapusan, Razvan"]
[Black "Stuart, Brian"]
[Result "1/2-1/2"]
[WhiteElo "1525"]
[BlackElo "1715"]
[PlyCount "82"]
[EventDate "2017.01.28"]
[EventType "swiss"]
[EventRounds "5"]
[EventCountry "GGB"]
[SourceTitle "BritBase"]
[Source "www.saund.co.uk"]
[SourceDate "2018.02.10"]
[SourceVersion "1"]
[SourceVersionDate "2018.02.10"]
[SourceQuality "1"]

1. e4 c5 2. c3 d5 3. exd5 Qxd5 4. Nf3 Nf6 5. Be2 Nc6 6. d3 e6 7. h3 Be7 8. Bf4
O-O 9. O-O e5 10. c4 Qd6 11. Bh2 Rd8 12. Qb3 Nd4 13. Nxd4 cxd4 14. Nd2 Qc7 15.
Bf3 Rb8 16. Rfe1 Bd6 17. Ne4 Nxe4 18. Bxe4 Be6 19. Qd1 g6 20. Rc1 b6 21. g4 Rf8
22. Bg2 Rbe8 23. a3 f6 24. Rc2 Bd7 25. Rce2 Bc6 26. Bxc6 Qxc6 27. b4 Qf3 28.
Bg3 Kh8 29. Re4 Qxd1 30. Rxd1 f5 31. gxf5 gxf5 32. Rh4 f4 33. Bh2 Rg8+ 34. Rg4
Rxg4+ 35. hxg4 Rg8 36. f3 h5 37. Kf2 hxg4 38. fxg4 Rxg4 39. Rg1 Rh4 40. Rg2 Rh7
41. Bg1 Rg7 1/2-1/2

[Event "Tradewise Gibraltar AmatWk2"]
[Site "Gibraltar"]
[Date "2017.01.31"]
[Round "4.16"]
[White "Dennis, Nigel W"]
[Black "Izzard, Brian J"]
[Result "1-0"]
[WhiteElo "1818"]
[BlackElo "1657"]
[PlyCount "73"]
[EventDate "2017.01.28"]
[EventType "swiss"]
[EventRounds "5"]
[EventCountry "GGB"]
[SourceTitle "BritBase"]
[Source "www.saund.co.uk"]
[SourceDate "2018.02.10"]
[SourceVersion "1"]
[SourceVersionDate "2018.02.10"]
[SourceQuality "1"]

1. e4 c6 2. d4 d5 3. exd5 cxd5 4. c4 Nf6 5. Nc3 e6 6. Bg5 Be7 7. Nf3 O-O 8. Bd3
dxc4 9. Bxc4 Nc6 10. O-O b6 11. a3 Bb7 12. Rc1 Rc8 13. Be2 Re8 14. h3 Nd5 15.
Bxe7 Rxe7 16. Bd3 Rd7 17. Re1 Nf6 18. Ne2 e5 19. Bf5 Nxd4 20. Nfxd4 Rxc1 21.
Qxc1 exd4 22. Bxd7 Qxd7 23. Qd2 d3 24. Nf4 Ba6 25. Re3 h6 26. Nxd3 Qd4 27. Qc3
Qd6 28. Nb4 Bb7 29. Qd3 Qf4 30. Qd8+ Kh7 31. Qe7 Ne4 32. Nd3 Qb8 33. Rxe4 Bxe4
34. Qxe4+ Kg8 35. Qe7 Qc8 36. Qxa7 Qc2 37. Qd7 1-0

[Event "Tradewise Gibraltar AmatWk2"]
[Site "Gibraltar"]
[Date "2017.01.31"]
[Round "4.19"]
[White "Bishop, Geoffrey L"]
[Black "Longdin, Michael"]
[Result "1-0"]
[WhiteElo "1677"]
[BlackElo "1836"]
[PlyCount "71"]
[EventDate "2017.01.28"]
[EventType "swiss"]
[EventRounds "5"]
[EventCountry "GGB"]
[SourceTitle "BritBase"]
[Source "www.saund.co.uk"]
[SourceDate "2018.02.10"]
[SourceVersion "1"]
[SourceVersionDate "2018.02.10"]
[SourceQuality "1"]

1. e4 c5 2. Nf3 Nc6 3. d4 cxd4 4. Nxd4 e5 5. Nb5 d6 6. N1c3 a6 7. Na3 f5 8. Bd3
f4 9. g3 Nf6 10. gxf4 exf4 11. Bxf4 Be7 12. Nc4 O-O 13. Nxd6 Kh8 14. e5 Ng4 15.
Bg3 Nxf2 16. Bxf2 Rxf2 17. Qh5 g6 18. Bxg6 Qg8 19. Kxf2 Bxd6 20. exd6 Qxg6 21.
Qxg6 hxg6 22. Rad1 Bf5 23. Rd2 Rd8 24. h4 Ne5 25. h5 Nc4 26. hxg6+ Kg7 27. Rd5
Kxg6 28. b3 Nb6 29. Rd2 Nd7 30. Nd5 Be4 31. Rg1+ Kf7 32. Re1 Nc5 33. Nc3 Bc6
34. Re7+ Kf6 35. Rh7 Ke5 36. Rh5+ 1-0

[Event "Tradewise Gibraltar AmatWk2"]
[Site "Gibraltar"]
[Date "2017.01.31"]
[Round "4.20"]
[White "White, Gary"]
[Black "McLeod, Paul"]
[Result "1-0"]
[WhiteElo "1716"]
[BlackElo "1344"]
[PlyCount "43"]
[EventDate "2017.01.28"]
[EventType "swiss"]
[EventRounds "5"]
[EventCountry "GGB"]
[SourceTitle "BritBase"]
[Source "www.saund.co.uk"]
[SourceDate "2018.02.10"]
[SourceVersion "1"]
[SourceVersionDate "2018.02.10"]
[SourceQuality "1"]

1. f4 d5 2. Nf3 Nc6 3. e3 a6 4. b3 e6 5. Bb2 Nf6 6. Be2 Bd6 7. O-O O-O 8. d3
Re8 9. Qe1 Bf8 10. Qh4 Be7 11. Ng5 h6 12. Rf3 d4 13. e4 Nh7 14. Qh5 Bxg5 15.
fxg5 Nxg5 16. Rg3 Qf6 17. h4 Nh7 18. Nd2 g5 19. Rf1 Qg7 20. hxg5 Nxg5 21. Nf3
Kf8 22. Nxg5 1-0

[Event "Tradewise Gibraltar AmatWk2"]
[Site "Gibraltar"]
[Date "2017.01.31"]
[Round "4.21"]
[White "Alonso Prieto, Victor"]
[Black "Ramesh, Balasubramanian"]
[Result "1/2-1/2"]
[WhiteElo "1507"]
[BlackElo "1646"]
[PlyCount "65"]
[EventDate "2017.01.28"]
[EventType "swiss"]
[EventRounds "5"]
[EventCountry "GGB"]
[SourceTitle "BritBase"]
[Source "www.saund.co.uk"]
[SourceDate "2018.02.10"]
[SourceVersion "1"]
[SourceVersionDate "2018.02.10"]
[SourceQuality "1"]

1. d4 Nf6 2. Nf3 e6 3. g3 c5 4. Bg2 Nc6 5. O-O Qb6 6. c3 Be7 7. Na3 d5 8. Qb3
O-O 9. Qxb6 axb6 10. Bg5 cxd4 11. Bxf6 Bxf6 12. cxd4 Nxd4 13. Nxd4 Bxd4 14.
Rab1 Bc5 15. Rfc1 f5 16. Rc3 Bd7 17. b4 Bd6 18. Nc2 Rfc8 19. Rxc8+ Rxc8 20. Nd4
Kf8 21. Bh3 Rc4 22. e3 Bxb4 23. Bf1 Bc5 24. Bxc4 dxc4 25. a4 Ke7 26. Nb5 Bc6
27. Nc3 Bf3 28. Kf1 Kd6 29. Nb5+ Ke5 30. Rc1 Be4 31. Ke1 Bd3 32. Kd2 Bb4+ 33.
Nc3 1/2-1/2

[Event "Tradewise Gibraltar AmatWk2"]
[Site "Gibraltar"]
[Date "2017.01.31"]
[Round "4.23"]
[White "Tveten, Per"]
[Black "Koreywo, Witold"]
[Result "1/2-1/2"]
[WhiteElo "1486"]
[BlackElo "1620"]
[PlyCount "48"]
[EventDate "2017.01.28"]
[EventType "swiss"]
[EventRounds "5"]
[EventCountry "GGB"]
[SourceTitle "BritBase"]
[Source "www.saund.co.uk"]
[SourceDate "2018.02.10"]
[SourceVersion "1"]
[SourceVersionDate "2018.02.10"]
[SourceQuality "1"]

1. e4 d6 2. Nf3 Nf6 3. Nc3 e5 4. Bc4 Be7 5. O-O h6 6. h3 Nbd7 7. d3 c6 8. a4 a5
9. Be3 Qc7 10. Nd2 g5 11. d4 Nf8 12. Ne2 g4 13. h4 Nh5 14. g3 Ng6 15. Kh2 Qd8
16. f4 Bxh4 17. fxe5 Bxg3+ 18. Kg2 Nh4+ 19. Kh1 Nf3 20. Kg2 Nh4+ 21. Kh1 Be6
22. d5 cxd5 23. exd5 Nf3 24. Kg2 Nh4+ 1/2-1/2

[Event "Tradewise Gibraltar AmatWk2"]
[Site "Gibraltar"]
[Date "2017.01.31"]
[Round "4.24"]
[White "Gough, Theo"]
[Black "Gaspar, Ioan-Dan"]
[Result "1/2-1/2"]
[WhiteElo "1330"]
[BlackElo "1579"]
[PlyCount "66"]
[EventDate "2017.01.28"]
[EventType "swiss"]
[EventRounds "5"]
[EventCountry "GGB"]
[SourceTitle "BritBase"]
[Source "www.saund.co.uk"]
[SourceDate "2018.02.10"]
[SourceVersion "1"]
[SourceVersionDate "2018.02.10"]
[SourceQuality "1"]

1. d4 h6 2. e4 a6 3. Bf4 d6 4. Nf3 e6 5. c4 b6 6. Bd3 g6 7. O-O Bg7 8. Nc3 Bb7
9. d5 e5 10. Bg3 Nd7 11. h3 Ne7 12. Nd2 g5 13. h4 Ng6 14. hxg5 hxg5 15. f3 f6
16. Kf2 Kf7 17. Rh1 Qe7 18. Qe2 Rag8 19. b4 Qf8 20. b5 a5 21. a4 Rxh1 22. Rxh1
Rh8 23. Qf1 Bc8 24. Ne2 Bh6 25. Nb3 Nf4 26. Bxf4 gxf4 27. g3 fxg3+ 28. Nxg3 Nc5
29. Nxc5 dxc5 30. Nf5 Bxf5 31. exf5 Bf4 32. Qg2 Rxh1 33. Qxh1 Qh6 1/2-1/2

[Event "Tradewise Gibraltar AmatWk2"]
[Site "Gibraltar"]
[Date "2017.01.31"]
[Round "4.30"]
[White "Dhanwani, Aryan"]
[Black "Jain, Anushree"]
[Result "0-1"]
[WhiteElo "1072"]
[BlackElo "1008"]
[PlyCount "82"]
[EventDate "2017.01.28"]
[EventType "swiss"]
[EventRounds "5"]
[EventCountry "GGB"]
[SourceTitle "BritBase"]
[Source "www.saund.co.uk"]
[SourceDate "2018.02.10"]
[SourceVersion "1"]
[SourceVersionDate "2018.02.10"]
[SourceQuality "1"]

1. e4 e5 2. Nf3 Nc6 3. Bb5 d6 4. d4 Bd7 5. dxe5 dxe5 6. Nc3 Bd6 7. O-O Nf6 8.
Bg5 a6 9. Ba4 O-O 10. Nd5 Be7 11. Bxc6 Bxc6 12. Nxf6+ Bxf6 13. Qxd8 Bxd8 14.
Bxd8 Raxd8 15. Rfe1 Rfe8 16. c3 b5 17. Rad1 Rxd1 18. Rxd1 Bxe4 19. Rd7 c6 20.
Ra7 Rd8 21. h3 c5 22. Rc7 c4 23. Nxe5 f6 24. Nf3 Bf5 25. Nd4 Bc8 26. Nc6 Rd1+
27. Kh2 Bd7 28. Nb8 Bf5 29. Nxa6 Rd2 30. Rc5 Bd7 31. Nb8 Be8 32. b3 Rxa2 33.
bxc4 bxc4 34. Rxc4 Rxf2 35. Kg3 Bb5 36. Rc5 Rb2 37. Nc6 Bf1 38. Kh4 Rxg2 39.
Rf5 Be2 40. Ra5 g5+ 41. Rxg5+ fxg5# 0-1

[Event "Tradewise Gibraltar AmatWk2"]
[Site "Gibraltar"]
[Date "2017.02.01"]
[Round "5.1"]
[White "Valladolid Martin, Fco. Jose"]
[Black "Cernuda Orejas, Victor Manuel"]
[Result "1/2-1/2"]
[WhiteElo "1897"]
[BlackElo "1892"]
[PlyCount "39"]
[EventDate "2017.01.28"]
[EventType "swiss"]
[EventRounds "5"]
[EventCountry "GGB"]
[SourceTitle "BritBase"]
[Source "www.saund.co.uk"]
[SourceDate "2018.02.10"]
[SourceVersion "1"]
[SourceVersionDate "2018.02.10"]
[SourceQuality "1"]

1. e4 c6 2. d4 d5 3. e5 Bf5 4. Bd3 Bxd3 5. Qxd3 e6 6. Nc3 Nd7 7. f4 g6 8. Nf3
Nb6 9. Ne2 Ne7 10. Be3 Nf5 11. Bf2 Be7 12. g4 Ng7 13. Ng3 Qd7 14. c3 h5 15. h3
Qc8 16. Ke2 Qd7 17. Rag1 Qc8 18. Qe3 Qd7 19. Qd3 Qc8 20. Qe3 1/2-1/2

[Event "Tradewise Gibraltar AmatWk2"]
[Site "Gibraltar"]
[Date "2017.02.01"]
[Round "5.2"]
[White "Ansari, Athar"]
[Black "Skalli, Taoufik"]
[Result "1-0"]
[WhiteElo "1887"]
[BlackElo "1864"]
[PlyCount "105"]
[EventDate "2017.01.28"]
[EventType "swiss"]
[EventRounds "5"]
[EventCountry "GGB"]
[SourceTitle "BritBase"]
[Source "www.saund.co.uk"]
[SourceDate "2018.02.10"]
[SourceVersion "1"]
[SourceVersionDate "2018.02.10"]
[SourceQuality "1"]

1. e4 c5 2. Bc4 Nc6 3. Nf3 e6 4. O-O g6 5. c3 Bg7 6. d3 Nge7 7. h4 a6 8. h5
gxh5 9. Ng5 h6 10. Nh3 d5 11. Bb3 Ne5 12. d4 cxd4 13. cxd4 N5c6 14. e5 Nf5 15.
Be3 Qh4 16. Nf4 Ncxd4 17. g3 Nxg3 18. fxg3 Qxg3+ 19. Ng2 Nxb3 20. axb3 Bxe5 21.
Qxh5 Rh7 22. Rf3 Qg7 23. Ra4 d4 24. Bf2 Bd7 25. Rc4 Bc6 26. Nd2 Bxf3 27. Nxf3
Bf6 28. Nxd4 Qg5 29. Qf3 Rb8 30. Ne2 Rg7 31. Bh4 Qxg2+ 32. Qxg2 Rxg2+ 33. Kxg2
Bxh4 34. Rxh4 Rd8 35. Nd4 Ke7 36. Nf3 Rd3 37. Rb4 b5 38. Kf2 Kd6 39. Re4 Rxb3
40. Re2 Rb4 41. Rd2+ Ke7 42. Nd4 Kf6 43. Ke3 a5 44. Rf2+ Kg6 45. Rg2+ Kh7 46.
Rf2 h5 47. Ke4 Kg7 48. Rg2+ Kf8 49. Rf2 Ke8 50. Ke5 h4 51. Rd2 Kf8 52. Kf6 h3
53. Nxe6+ 1-0

[Event "Tradewise Gibraltar AmatWk2"]
[Site "Gibraltar"]
[Date "2017.02.01"]
[Round "5.3"]
[White "Robson, Paul E"]
[Black "Garcia-Blazquez Perez, Manuel"]
[Result "0-1"]
[WhiteElo "1897"]
[BlackElo "1851"]
[PlyCount "62"]
[EventDate "2017.01.28"]
[EventType "swiss"]
[EventRounds "5"]
[EventCountry "GGB"]
[SourceTitle "BritBase"]
[Source "www.saund.co.uk"]
[SourceDate "2018.02.10"]
[SourceVersion "1"]
[SourceVersionDate "2018.02.10"]
[SourceQuality "1"]

1. e4 c5 2. Nf3 Nc6 3. b3 Nf6 4. d3 g6 5. Bb2 Bg7 6. g3 O-O 7. Bg2 d5 8. exd5
Qxd5 9. O-O Bg4 10. h3 Bxf3 11. Bxf3 Qd7 12. Bg2 Nd4 13. Nd2 Rad8 14. Re1 Rfe8
15. Nc4 Nd5 16. Rb1 b5 17. Ne5 Qc7 18. f4 f6 19. Nf3 Nf5 20. Kh2 e5 21. fxe5
fxe5 22. Ng5 Nde3 23. Qe2 e4 24. Nxe4 Bxb2 25. Rxb2 Rxe4 26. dxe4 Nxg3 27. Qxe3
Nf1+ 28. Kg1 Nxe3 29. Rxe3 Rd1+ 30. Kf2 Qf4+ 31. Ke2 Re1+ 0-1

[Event "Tradewise Gibraltar AmatWk2"]
[Site "Gibraltar"]
[Date "2017.02.01"]
[Round "5.5"]
[White "Kuenitz, Klaus"]
[Black "Rios Gonzalez, Jose Antonio"]
[Result "1-0"]
[WhiteElo "1690"]
[BlackElo "1847"]
[PlyCount "56"]
[EventDate "2017.01.28"]
[EventType "swiss"]
[EventRounds "5"]
[EventCountry "GGB"]
[SourceTitle "BritBase"]
[Source "www.saund.co.uk"]
[SourceDate "2018.02.10"]
[SourceVersion "1"]
[SourceVersionDate "2018.02.10"]
[SourceQuality "1"]

1. d4 Nf6 2. c4 c5 3. Nf3 e6 4. Nc3 cxd4 5. Nxd4 Nc6 6. a3 d6 7. e4 a6 8. Be2
Qc7 9. Be3 Rb8 10. Rc1 Ne5 11. O-O b6 12. f4 Ned7 13. b4 Bb7 14. Bf3 Rc8 15. g4
h6 16. Qe1 Qb8 17. Qe2 Qa8 18. Bf2 Be7 19. Rfe1 O-O 20. h4 Kh8 21. g5 Ng8 22.
Bg4 g6 23. Nf3 h5 24. Bh3 Qb8 25. f5 exf5 26. exf5 Qc7 27. f6 Bd8 28. Bg3 Qxc4
1-0

[Event "Tradewise Gibraltar AmatWk2"]
[Site "Gibraltar"]
[Date "2017.02.01"]
[Round "5.6"]
[White "Diaz Mino, Daniel"]
[Black "James, Kevin"]
[Result "0-1"]
[WhiteElo "1658"]
[BlackElo "1825"]
[PlyCount "84"]
[EventDate "2017.01.28"]
[EventType "swiss"]
[EventRounds "5"]
[EventCountry "GGB"]
[SourceTitle "BritBase"]
[Source "www.saund.co.uk"]
[SourceDate "2018.02.10"]
[SourceVersion "1"]
[SourceVersionDate "2018.02.10"]
[SourceQuality "1"]

1. Nf3 g6 2. g3 Bg7 3. Bg2 e5 4. e4 d6 5. d3 Ne7 6. b3 O-O 7. Nbd2 c6 8. O-O f5
9. Bb2 a5 10. a4 Na6 11. d4 fxe4 12. Nxe4 d5 13. Nc3 e4 14. Ne5 Nc7 15. Ne2
Bxe5 16. dxe5 Bg4 17. Qd2 Bxe2 18. Qxe2 Ne6 19. Rad1 Qb6 20. Qd2 Nf5 21. Rfe1
Rf7 22. Ba3 Qc7 23. Qc3 g5 24. Bh3 h5 25. Bd6 Qd8 26. g4 Nh4 27. gxh5 Nf3+ 28.
Kh1 g4 29. Bxg4 Qh4 30. Bxf3 Rxf3 31. Rg1+ Kh7 32. Qe1 Rh3 33. Rg2 Nf4 34. e6
Nxg2 35. Kxg2 Qg4+ 36. Bg3 Rxh5 37. e7 Re8 38. Rb1 Rxe7 39. Qxa5 Qf3+ 40. Kg1
e3 41. Qc5 Rg7 42. Qxe3 Rxg3+ 0-1

[Event "Tradewise Gibraltar AmatWk2"]
[Site "Gibraltar"]
[Date "2017.02.01"]
[Round "5.7"]
[White "Sevillano Garcia, Joaquin"]
[Black "Bauer, Dieter"]
[Result "1-0"]
[WhiteElo "1816"]
[BlackElo "1772"]
[PlyCount "89"]
[EventDate "2017.01.28"]
[EventType "swiss"]
[EventRounds "5"]
[EventCountry "GGB"]
[SourceTitle "BritBase"]
[Source "www.saund.co.uk"]
[SourceDate "2018.02.10"]
[SourceVersion "1"]
[SourceVersionDate "2018.02.10"]
[SourceQuality "1"]

1. Nf3 c5 2. c4 Nc6 3. g3 g6 4. Bg2 Bg7 5. O-O e6 6. e3 d5 7. d4 dxc4 8. Qa4
Qb6 9. Qxc4 cxd4 10. exd4 Nxd4 11. Nxd4 Bxd4 12. Nc3 Qc5 13. Qb3 Qb6 14. Nb5 e5
15. Nxd4 exd4 16. Qa4+ Kf8 17. Rd1 Nf6 18. Bh6+ Kg8 19. Qxd4 Bf5 20. h3 Qxd4
21. Rxd4 Ne8 22. g4 Be6 23. Rb4 Rb8 24. Rxb7 Rxb7 25. Bxb7 f5 26. Be3 h5 27. g5
Rh7 28. Bg2 Rc7 29. b3 a6 30. Rc1 Kf7 31. Rxc7+ Nxc7 32. Bf1 Ke8 33. Bd2 Nb5
34. f4 Kd7 35. Kf2 Kc6 36. Ke3 Kb6 37. Bxb5 axb5 38. Kd4 Bd7 39. Ke5 Kc5 40.
Kf6 Kd4 41. Kxg6 Kd3 42. Ba5 Kc2 43. Kf6 Kb2 44. g6 Be6 45. Kxe6 1-0

[Event "Tradewise Gibraltar AmatWk2"]
[Site "Gibraltar"]
[Date "2017.02.01"]
[Round "5.8"]
[White "Haddock, Paul"]
[Black "Lopez Valcarcel, Juan"]
[Result "0-1"]
[WhiteElo "1570"]
[BlackElo "1785"]
[PlyCount "42"]
[EventDate "2017.01.28"]
[EventType "swiss"]
[EventRounds "5"]
[EventCountry "GGB"]
[SourceTitle "BritBase"]
[Source "www.saund.co.uk"]
[SourceDate "2018.02.10"]
[SourceVersion "1"]
[SourceVersionDate "2018.02.10"]
[SourceQuality "1"]

1. e4 c5 2. d4 cxd4 3. c3 dxc3 4. Nxc3 a6 5. Bc4 e6 6. Nf3 Nc6 7. Qe2 b5 8. Bb3
h6 9. a3 Bc5 10. O-O Nge7 11. Be3 Qb6 12. Bxc5 Qxc5 13. Rfd1 O-O 14. Rac1 Qb6
15. Nd5 exd5 16. exd5 Na5 17. Bc2 Qd6 18. h4 Ng6 19. h5 Nf4 20. Qe4 f5 21. Qd4
Ne2+ 0-1